Dependence and opportunity ; political change in Ahafo /

Bibliographic Details
Main Author: Dunn, John M.
Other Authors: Robertson, A. F.
Format: Book
Language:English
Published: Cambridge [England] : University Press, [1973]
Series:African studies series ; 9.
Subjects:

MARC

Tag First Indicator Second Indicator Subfields
LEADER 00000cam a2200000 4500
001 in00000048467
005 20151007071623.0
008 740321s1973 enkb b 00110 eng
010 |a  73079303  
015 |a GB*** 
020 |a 0521202701  |c 6.50 ($19.50 U.S.) 
035 |a (OCoLC)00866036 
035 |9 AAE6320AM 
040 |a DLC  |c DLC  |d TXA  |d UtOrBLW 
043 |a f-gh--- 
049 |a TXAM  |c [717180] 
050 0 0 |a JS7655.9.A38  |b D86 
082 0 |a 320.9/667 
100 1 |a Dunn, John M. 
245 1 0 |a Dependence and opportunity ;  |b political change in Ahafo /  |c [by] John Dunn [and] A. F. Robertson. 
264 1 |a Cambridge [England] :  |b University Press,  |c [1973] 
300 |a xi, 400 pages :  |b maps. ;  |c 23 cm. 
336 |a text  |b txt  |2 rdacontent 
337 |a unmediated  |b n  |2 rdamedia 
338 |a volume  |b nc  |2 rdacarrier 
490 1 |a African studies series ;  |v 9 
504 |a Includes bibliographical references. 
651 0 |a Ahafo (Ghana)  |x Politics and government. 
651 0 |a Ahafo (Ghana)  |x Social conditions. 
651 0 |a Ahafo (Ghana)  |x Economic conditions. 
700 1 |a Robertson, A. F. 
830 0 |a African studies series ;  |v 9. 
999 |a MARS 
999 f f |s 44819ad6-b555-3fec-b8e7-4b11a9e303fa  |i 009cfc1c-4c23-3b05-9200-64279637964f  |t 0 
952 f f |p ric  |a Texas A&M University  |b Rellis Campus  |c Joint Library Facility  |d Remote Storage  |t 0  |e JS7655.9.A38 D86  |h Library of Congress classification  |i unmediated -- volume  |m A14803127989 
998 f f |a JS7655.9.A38 D86  |t 0  |l Remote Storage